| 000 | 01544nam a22002657a 4500 | ||
|---|---|---|---|
| 999 |
_c62083 _d62083 |
||
| 003 | Ge_BSU | ||
| 005 | 20240705111928.0 | ||
| 008 | 240705s2019 ge ||||| |||| 00| 0 geo d | ||
| 020 | _a9789941243769 | ||
| 041 | _ageo | ||
| 080 | _a339.138რ-18 | ||
| 100 |
_aრაისი, ელ, ავტორი. _922726 |
||
| 245 |
_aმარკეტინგული ომები / _cელ რაისი & ჯეკ ტრაუტი ; დავით ახალაძის თარგმანი ; რედაქტორი ლია შარვაშიძე ; კომენტარები ილუსტრაციისათვის თარგმნა ანა აფციაურმა ; დიზაინერი გიორგი ლეჟავა. |
||
| 264 |
_aთბილისი : _bპალიტრა L, _c 2019. |
||
| 300 |
_a240 გვ. : _bილ. ; _c22 სმ. |
||
| 440 |
_aლურჯი ოკეანე _913234 |
||
| 500 | _aეძღვნება მარკეტინგის სტრატეგს კარლ ფონ კლაუზევიცს | ||
| 653 | _aმარკეტინგი | ||
| 653 | _aკონკურენცია | ||
| 653 | _aეკონომიკა | ||
| 700 |
_a ტრაუტი, ჯეკ _922727 |
||
| 700 |
_aახალაძე, დავით _eმთარგმნელი _912605 |
||
| 700 |
_a შარვაშიძე, ლია _eრედაქტორი და სხვ. _922728 |
||
| 942 |
_2udc _cBK |
||